LEADER 00943nam a2200229 i 4500 001 000000234031 003 CaOOAMICUS 005 20141003000000.0 008 141003s1916 it u000 u ita u 013 $a212934 040 $aSeMil$bita 245 13$aLa colonizzazione inglese. 300 $aLXXXIII, 809 p. :$b[3] c. geogr. 490 0 $aBiblioteca coloniale 500 $aIn mezzo al front : con tre indici e tre carte geografiche. 650 4$aColonie inglesi - Storia.$0(OLS)http://semarc/subject/41708 700 1 $aMondaini, Gennaro.$0(OLS)http://semarc/name/14107 773 0 $aMondaini, Gennaro$tStoria coloniale dell'epoca contemporanea.$dFirenze : Barbèra, 1916.$gParte1$w()30637 830 0$aBiblioteca coloniale.$0(OLS)http://semarc/title/41715 850 $aSeMil 852 $aSeMil$W1$xVenegono$y1$m3M I 23$j184377$B184377$CSeMilBibl$Z2$F195362 $81 996 $6245$aLa colonizzazione inglese$9(OLS)http://semarc/title/334092 LEADER 01504nam a2200313 i 4500 001 000000119114 003 CaOOAMICUS 005 20040914000000.0 008 040914s2004 it u000 u ita u 013 $a91807 020 $a88-343-1046-2 040 $aSeMil$bita 245 10$aConsumare la rete :$bla fruizione di internet e la navigazione del web /$ca cura di Francesca Pasquali, Barbara Scifo. 260 $aMilano :$bVita e Pensiero,$cCopyr. 2004. 300 $aVIII, 277 p. ;$c22 cm. 490 0 $aV&P Università. Media spettacolo processi culturali. Ricerche 500 $aContiene : Bibliografia. - Dono del Card. Dionigi Tettamanzi. 650 4$aInternet - Aspetti sociali.$0(OLS)http://semarc/subject/12931 650 4$aWorld Wide Web - Aspetti sociali.$0(OLS)http://semarc/subject/22282 700 1 $aScifo, Barbara.$0(OLS)http://semarc/name/49690 700 1 $aPasquali, Francesca,$d<1969- >.$0(OLS)http://semarc/name/49689 830 0$aUniversità. Media spettacolo processi culturali. Ricerche [V&P].$0(OLS)http://semarc/title/13184 850 $aSeMil 852 $aSeMil$W1$xVenegono$y1$m3M III 39$j74358$B74358$CSeMilBibl$Z2$F86469 $81 941 1 $a5 961 $aOmaggio: Tettamanzi Card. Dionigi 996 $6020$a88-343-1046-2$9(OLS)http://semarc/number/103902 996 $6245$aConsumare la rete :$bla fruizione di internet e la navigazione del web$9(OLS)http://semarc/title/175036 996 $6260$aMilano :$bVita e Pensiero$9(OLS)http://semarc/publisher/29642